000 00299nam a22001337a 4500
008 170526b xxu||||| |||| 00| 0 eng d
020 _a9780849300042
041 _aeng
080 _a621.3
100 _a25
101 _aIM
245 _aTHE INDUCTION MACHINE HANDBOOK
_cBOLDEA,I
942 _2udc
_cBK
999 _c14349
_d14349